Normal view
MARC view
- Vladimir Litvinenko
Entry Personal Name
001 - CONTROL NUMBER
- control field: 30202
003 - CONTROL NUMBER IDENTIFIER
- control field: NUST
005 - DATE AND TIME OF LATEST TRANSACTION
- control field: 20200917110148.0
008 - FIXED-LENGTH DATA ELEMENTS
- fixed length control field: 200917|| aca||aabn | a|a d
040 ## - CATALOGING SOURCE
- Original cataloging agency: NUST
- Transcribing agency: NUST
100 ## - HEADING--PERSONAL NAME
- Personal name: Vladimir Litvinenko
670 ## - SOURCE DATA FOUND
- Source citation: Work cat.: (NUST): Vladimir Litvinenko, Geomechanics and Geodynamics of Rock Masses: Selected Papers from the 2018 European Rock Mechanics Symposium, 2018
